| 000 | 00837nam a2200253 i 4500 | ||
|---|---|---|---|
| 003 | DO-SdBNP | ||
| 005 | 20240216111545.0 | ||
| 006 | a||||fr|||| 00| 0 | ||
| 007 | ta | ||
| 008 | 240117e1952 dr ao||| m||| 00| 0 spa d | ||
| 040 |
_aDO-SdBNP _bspa _cBNPHU _erda |
||
| 082 | 4 |
_222 _bR831g |
|
| 100 |
_aRossi, P.M. _eautor _984799 |
||
| 245 | 1 | 0 |
_aEl gran viaje de descubrimiento de América fue realizado por Cristóbal Colon con capitales genoveses / _cP.M. Rossi |
| 264 | 1 |
_aCiudad Trujillo : _bEditora no identificada, _c1952 |
|
| 300 |
_a[6] páginas ; _c24 cm. |
||
| 336 |
_2rdacontent _atesto _btxt |
||
| 337 |
_2rdamedia _asin mediación _bn |
||
| 338 |
_2rdacarrier _avolumen _bnc |
||
| 500 | _aArtículo de la pagina 97, del libro especial para el Faro a Colón | ||
| 590 | _aInventariado, DG | ||
| 910 | _aDG | ||
| 942 |
_2ddc _cLBS1 |
||
| 999 |
_c55718 _d55718 |
||